After babel: (Record no. 38625)

MARC details
000 -LEADER
fixed length control field 00774 2200181 4500
008 - FIXED-LENGTH DATA ELEMENTS--GENERAL INFORMATION
fixed length control field 110620t xxu||||| |||| 00| 0 eng d
020 ## - INTERNATIONAL STANDARD BOOK NUMBER
International Standard Book Number 9780192880932
100 ## - MAIN ENTRY--PERSONAL NAME
Personal name Steiner,George
245 ## - TITLE STATEMENT
Title After babel:
Remainder of title aspects of language and translation
Statement of responsibility, etc George Steiner.
260 ## - PUBLICATION, DISTRIBUTION, ETC. (IMPRINT)
Name of publisher, distributor, etc Oxford
Date of publication, distribution, etc 1998
Place of publication, distribution, etc Oxford University.
300 ## - PHYSICAL DESCRIPTION
Extent xviii,538 p.
Dimensions 20 cm.
650 ## - SUBJECT ADDED ENTRY--TOPICAL TERM
Topical term or geographic name as entry element Translatin and interpreting.
650 ## - SUBJECT ADDED ENTRY--TOPICAL TERM
Topical term or geographic name as entry element Language and languages
Relator term philosophy.
650 ## - SUBJECT ADDED ENTRY--TOPICAL TERM
Topical term or geographic name as entry element Hermeneutics.
942 ## - ADDED ENTRY ELEMENTS (KOHA)
Item type Book
Source of classification or shelving scheme Library of Congress Classification
Holdings
Withdrawn status Lost status Source of classification or shelving scheme Damaged status Not for loan Collection code Home library Current library Shelving location Date acquired Source of acquisition Total Checkouts Full call number Barcode Copy number Price effective from Koha item type
    Library of Congress Classification     Non-fiction Bishop Okullu Memorial Library (Limuru Campus) Bishop Okullu Memorial Library (Limuru Campus) General Circulation 20/06/2011 purchase   P306.S64 1998 026385 2 20/06/2011 Book
    Library of Congress Classification     Non-fiction Nakuru Campus Nakuru Campus General Circulation 20/06/2011 purchase   P306.S64 1998 026384 1 20/06/2011 Book